01986cam a2200445 a 45000010005000000030006000050050017000110080041000280100017000690200026000860200021001120200031001330200026001640400023001900500014002130820012002271000017002392450045002562600038003013000047003393360026003863370028004123380027004404400028004675050459004955050007009545200067009615210027010285210018010556500028010736500034011016500019011356500019011546550076011736550076012499060045013259420015013709990015013859520140014008433FISKH20250911152834.0001108s2000 nyua b 000 1 eng d a 00708627  a1587170329qlib. bdg. a1587170310qpbk. a9781587170324q(lib. bdg.) a9781587170317q(pbk.) aEOWcEOWdDLCbeng aPZ5 .P438 a808.83  aBrown, Marc 00aPet stories : bYou don't have to walk/  aNew York :bSeaStar Books,c2000. a64 pages : bcolor illustrations ; c21 cm atextbtxt2rdacontent aunmediatedbn2rdamedia avolumebnc2rdacarrier 0aReading rainbow readers0 aBest pet (from Rex and Lilly ...) / Laurie Krasny Brown -- Why not get a pterodactyl (from Weird pet poems) / Lee Bennett Hopkins -- A dog's tale (excerpt from) / Seymour Reit --The kittens (from Henry and Mudge in puddle trouble) / Cynthia Rylant -- My fish can ride a bicycle (from Something big has been here) / Jack Prelutsky -- Danny and the dinosaur (selections from) / Syd Hoff -- Good day (from three stories you can read ...) / Sara Swan Miller.0 aJ  aA collection of stories and poems about various kinds of pets.8 a500 bLexile estimate 8 aJ bRaz-Plus  0aPetsvJuvenile fiction. 0aChildren's stories, American. 1aPetsvFiction. 1aShort stories. 7aFiction.2lcgft0https://id.loc.gov/authorities/genreForms/gf2014026339 7aFiction.2lcgft0https://id.loc.gov/authorities/genreForms/gf2014026339 a7bcbcccopycatd3encipf20gy-gencatlg 2ddccBKn0 c8433d8433 00102ddc40708JUVFa002b002cTTP Dark Blued2025-09-11l0oBRO 808.83 PZ5 .P438 pFIS02611r2025-09-11 15:28:31t1w2025-09-11yBK